000 00397nam a22001697a 4500
005 20180625115959.0
008 160601b xxu||||| |||| 00| 0 eng d
020 _a978-81-203-3879-1
041 _aeng
082 _b6694
_a658
100 _aRasu, Satya & Partha Sarathy
_94406
245 _aManagement
260 _aNew Delhi
_bPHI,
300 _a424
650 _aManagement
_9241
942 _cBK
999 _c2330
_d2329